<?xml version="1.0" encoding="UTF-8"?>
<record
    xmlns:xsi="http://www.w3.org/2001/XMLSchema-instance"
    xsi:schemaLocation="http://www.loc.gov/MARC21/slim http://www.loc.gov/standards/marcxml/schema/MARC21slim.xsd"
    xmlns="http://www.loc.gov/MARC21/slim">

  <leader>00674nam a2200193 a 4500</leader>
  <controlfield tag="001">BRCA_2087</controlfield>
  <controlfield tag="005">20190320203649.0</controlfield>
  <controlfield tag="008">080808s1990----mx-a---###---#000-0#spa-#</controlfield>
  <datafield tag="050" ind1=" " ind2="4">
    <subfield code="a">F1391.P8</subfield>
    <subfield code="b">.L43 14</subfield>
    <subfield code="c">1990</subfield>
  </datafield>
  <datafield tag="245" ind1="1" ind2="0">
    <subfield code="a">Apuntes biogr&#xE1;ficos del sr. d. Jos&#xE9; Manso.</subfield>
  </datafield>
  <datafield tag="250" ind1=" " ind2=" ">
    <subfield code="a">2</subfield>
  </datafield>
  <datafield tag="260" ind1=" " ind2=" ">
    <subfield code="a">Puebla, M&#xE9;xico</subfield>
    <subfield code="b">Gobierno del Estado de Puebla : Secretar&#xED;a de Cultura : Comisi&#xF3;n Puebla V Centenario</subfield>
    <subfield code="c">1990</subfield>
  </datafield>
  <datafield tag="300" ind1=" " ind2=" ">
    <subfield code="a">35 p.</subfield>
    <subfield code="b">il.</subfield>
    <subfield code="c">21 cm.</subfield>
  </datafield>
  <datafield tag="440" ind1=" " ind2="0">
    <subfield code="a">Lecturas Hist&#xF3;ricas de Puebla</subfield>
    <subfield code="n">14</subfield>
    <subfield code="9">6339</subfield>
  </datafield>
  <datafield tag="600" ind1="1" ind2="4">
    <subfield code="a">Manso, Jos&#xE9;</subfield>
    <subfield code="v">Biograf&#xED;as</subfield>
    <subfield code="9">6340</subfield>
  </datafield>
  <datafield tag="651" ind1=" " ind2="4">
    <subfield code="a">Puebla (M&#xE9;xico)</subfield>
    <subfield code="x">Historia</subfield>
    <subfield code="9">409</subfield>
  </datafield>
  <datafield tag="651" ind1=" " ind2="4">
    <subfield code="a">Puebla (M&#xE9;xico)</subfield>
    <subfield code="x">Lecturas hist&#xF3;ricas</subfield>
    <subfield code="9">6341</subfield>
  </datafield>
  <datafield tag="942" ind1=" " ind2=" ">
    <subfield code="2">lcc</subfield>
    <subfield code="c">B</subfield>
  </datafield>
  <datafield tag="999" ind1=" " ind2=" ">
    <subfield code="c">1844</subfield>
    <subfield code="d">1844</subfield>
  </datafield>
  <datafield tag="952" ind1=" " ind2=" ">
    <subfield code="0">0</subfield>
    <subfield code="1">0</subfield>
    <subfield code="4">0</subfield>
    <subfield code="7">0</subfield>
    <subfield code="a">BRCA</subfield>
    <subfield code="b">BRCA</subfield>
    <subfield code="d">2008-08-08</subfield>
    <subfield code="l">0</subfield>
    <subfield code="o">F1391.P8 .L43 14 1990</subfield>
    <subfield code="p">00487</subfield>
    <subfield code="r">2019-03-22 00:00:00</subfield>
    <subfield code="w">2019-03-22</subfield>
    <subfield code="y">B</subfield>
  </datafield>
</record>
